000 00326nam a22001457a 4500
020 _qHB.
040 _cFIZZA ISHAQ
082 _a694
_bEMM
100 _aEMMANUEL.
_989136
245 _aTIMBER CONSTRUCTION MANUAL /
_cEMMANUAL.
250 _a5th ED.
260 _aNEW YORK ;
_c2005.
300 _a421 P. ;
942 _2ddc
_cBK
999 _c587956
_d587956